[Event "Tilburg NED"]
[Site "Tilburg NED"]
[Date "1993.??.??"]
[Round "2"]
[White "Akopian, Vladimir E"]
[Black "Damljanovic, Branko"]
[Result "1-0"]
[WhiteElo "2615"]
[BlackElo "2550"]
[PlyCount "103"]
[EventDate "1993.??.??"]
[Source "www.chesslib.no"]
[SourceDate "2004.05.04"]

1. d4 Nf6 2. c4 g6 3. g3 Bg7 4. Bg2 O-O 5. Nc3 c6 6. e4 d6 7. Nge2 e5 8. O-O Nbd7 9. h3 exd4 10. Nxd4 Qb6 11. Re1 Ne8 12. Nc2 Nc5 13. Re3 a5 14. b3 f5 15. exf5 Bxf5 16. Bb2 a4 17. Nxa4 Nxa4 18. Bxg7 Nxg7 19. bxa4 Rxa4 20. Ne1 Rxc4 21. Qxd6 Qb4 22. Qd1 Rd4 23. Qb3+ Qxb3 24. Rxb3 Rd7 25. Nf3 Re8 26. a4 Be4 27. a5 Nf5 28. Rb2 c5 29. Rc1 Rc7 30. Nd2 Bxg2 31. Kxg2 Nd6 32. Rb6 Rd8 33. Nb1 Kf7 34. Rd1 Rc6 35. Rxc6 bxc6 36. Nc3 Ke7 37. Re1+ Kf7 38. Re5 c4 39. Rc5 Rc8 40. a6 Ke7 41. Na2 Kd7 42. Nb4 Rg8 43. Ra5 Ke6 44. Ra3 Rf8 45. Kg1 Re8 46. f4 Ne4 47. Rb3 c3 48. Na2 Nf6 49. Kg2 Rh8 50. Kf3 Ng8 51. Kg2 c2 52. Rd3 1-0

[Event "Moscow ol (Men)"]
[Site "Moscow"]
[Date "1994.??.??"]
[Round "8"]
[White "Lautier, Joel"]
[Black "Murshed, Niaz"]
[Result "1-0"]
[WhiteElo "2645"]
[BlackElo "2520"]
[PlyCount "95"]
[EventDate "1994.11.??"]
[Source "ChessBase"]

1. c4 e5 2. Nc3 d6 3. Nf3 Nf6 4. g3 g6 5. Bg2 Bg7 6. d4 Nbd7 7. O-O O-O 8. e4 Re8 9. h3 c6 10. Be3 exd4 11. Nxd4 Nc5 12. Qc2 a5 13. Rad1 Nfd7 14. b3 Ne6 15. Rd2 Nxd4 16. Bxd4 Bh6 17. f4 g5 18. Qd1 gxf4 19. gxf4 Qh4 20. Bh1 Nf6 21. Rg2+ Kf8 22. Bf2 Qxf4 23. Bd4 Qh4 24. Qf3 Re6 25. Rg4 Qh5 26. Bxf6 Rxf6 27. Rg8+ Kxg8 28. Qxh5 Be3+ 29. Kg2 Rg6+ 30. Kh2 Bd4 31. Ne2 Be5+ 32. Nf4 a4 33. b4 Be6 34. a3 Bxc4 35. Rf2 c5 36. bxc5 Ra5 37. Bg2 Rxc5 38. Qh4 Bf6 39. Nxg6 Bxh4 40. Nxh4 Be6 41. Nf5 b5 42. Nxd6 b4 43. axb4 Rc1 44. Rf3 Ra1 45. b5 a3 46. b6 a2 47. b7 Rb1 48. Ra3 1-0

[Event "Kemerovo1"]
[Site "Kemerovo"]
[Date "1995.??.??"]
[Round "8"]
[White "Pigusov, Evgeny"]
[Black "Graf, Alexander"]
[Result "0-1"]
[WhiteElo "2580"]
[BlackElo "2585"]
[PlyCount "74"]
[EventDate "1995.08.??"]
[Source "ChessBase"]

1. Nf3 g6 2. d4 Bg7 3. c4 d6 4. g3 Nf6 5. Bg2 O-O 6. Nc3 c6 7. O-O Qa5 8. e4 e5 9. h3 Nbd7 10. Re1 exd4 11. Nxd4 Ne5 12. Bf1 Re8 13. Rb1 a6 14. Be3 Be6 15. Nxe6 Rxe6 16. f4 Nxe4 17. fxe5 Nxg3 18. Bg2 Bxe5 19. Bf2 Rae8 20. Qb3 Bd4 21. Rxe6 Bxf2+ 22. Kxf2 Rxe6 23. Kg1 Qc5+ 24. Kh2 Qe5 25. Kg1 Qe3+ 26. Kh2 Qf4 27. Kg1 b5 28. Rd1 bxc4 29. Qb8+ Kg7 30. Qc7 Qe3+ 31. Kh2 Nf5 32. Qxc6 Qg3+ 33. Kh1 Ne3 34. Qf3 Qxf3 35. Bxf3 Nxd1 36. Nxd1 d5 37. Kg2 d4 0-1

[Event "EU-ch 2nd"]
[Site "Ohrid"]
[Date "2001.06.11"]
[Round "10"]
[White "Volzhin, Alexander"]
[Black "Piket, Jeroen"]
[Result "0-1"]
[WhiteElo "2528"]
[BlackElo "2628"]
[PlyCount "60"]
[EventDate "2001.06.01"]
[Source "ChessBase"]
[SourceDate "2001.09.13"]

1. d4 d6 2. Nf3 Nf6 3. c4 g6 4. g3 Bg7 5. Bg2 O-O 6. O-O c6 7. Nc3 Qa5 8. e4 e5 9. h3 Nbd7 10. Re1 exd4 11. Nxd4 Re8 12. Be3 Ne5 13. Qe2 Be6 14. Nxe6 Rxe6 15. f4 Ned7 16. Bf2 Rae8 17. Qc2 Nh5 18. Rad1 Nc5 19. f5 R6e7 20. Bf3 Bxc3 21. bxc3 Nf6 22. fxg6 hxg6 23. Rxd6 Ncxe4 24. Bxe4 Nxe4 25. Rdd1 Nxf2 26. Qxf2 Qxc3 27. Rxe7 Rxe7 28. c5 Re3 29. Kg2 Rxg3+ 30. Qxg3 Qc2+ 0-1

[Event "Frankfurt Ordix op"]
[Site "Frankfurt"]
[Date "1998.06.21"]
[Round "6"]
[White "Vaganian, Rafael A"]
[Black "Smejkal, Jan"]
[Result "1/2-1/2"]
[WhiteElo "2630"]
[BlackElo "2525"]
[PlyCount "137"]
[EventDate "1998.06.20"]
[Source "ChessBase"]
[SourceDate "1998.09.09"]

1. d4 Nf6 2. c4 g6 3. g3 Bg7 4. Bg2 O-O 5. Nc3 d6 6. Nf3 c6 7. O-O Qa5 8. e4 e5 9. h3 Nbd7 10. Re1 exd4 11. Nxd4 Ne5 12. Bf1 Re8 13. Nb3 Qc7 14. f4 Ned7 15. Bg2 Nb6 16. c5 dxc5 17. Nxc5 Nfd7 18. Nd3 Nf8 19. Be3 Nc4 20. Bc1 Be6 21. Kh2 Rad8 22. Qc2 Qa5 23. a4 Qb6 24. e5 Qd4 25. Nf2 Nd2 26. Nfe4 Nb3 27. Ra3 Nxc1 28. Qxc1 a5 29. Nd6 Rxd6 30. Rd1 Bxe5 31. Rxd4 Bxd4 32. Ne4 Rdd8 33. Rd3 Bg7 34. Qd2 Rxd3 35. Qxd3 Bf5 36. g4 Bxe4 37. Bxe4 Bxb2 38. Bf3 Bc1 39. Qc4 Be3 40. Kg3 Ne6 41. f5 Nd4 42. fxg6 hxg6 43. h4 Ne6 44. g5 Ng7 45. Bg4 Bb6 46. Kg2 Be3 47. Qd3 c5 48. Qb5 Re4 49. Bf3 Rxh4 50. Qxa5 Bxg5 51. Qxc5 Ne6 52. Qc8+ Kg7 53. a5 Rb4 54. Qc3+ Rd4 55. Bxb7 Bd2 56. Qb2 Bxa5 57. Bc8 Kg8 58. Qb1 Rd2+ 59. Kf3 Nf8 60. Bb7 Bd8 61. Ba6 Rd6 62. Bc4 Rf6+ 63. Kg2 Kg7 64. Qb2 Bb6 65. Qe5 Bd8 66. Bd5 Bb6 67. Qb2 Bd8 68. Kg3 Bc7+ 69. Kg2 1/2-1/2

[Event "Panormo zt"]
[Site "Panormo"]
[Date "1998.10.29"]
[Round "6"]
[White "Sturua, Zurab"]
[Black "Kotronias, Vasilios"]
[Result "1/2-1/2"]
[WhiteElo "2600"]
[BlackElo "2555"]
[PlyCount "60"]
[EventDate "1998.10.24"]
[Source "ChessBase"]
[SourceDate "1999.01.01"]

1. d4 Nf6 2. c4 g6 3. Nf3 Bg7 4. g3 O-O 5. Bg2 d6 6. O-O Nbd7 7. Nc3 e5 8. e4 c6 9. h3 Qb6 10. Re1 exd4 11. Nxd4 Re8 12. Nc2 Qc7 13. Be3 a5 14. Rb1 a4 15. Bd4 Nf8 16. Qd2 Ne6 17. Be3 Nd7 18. Rbd1 Nec5 19. Bd4 Ne5 20. Qe2 Be6 21. Na3 f6 22. f4 Ned7 23. Bf2 Bf8 24. Qc2 Bf7 25. Bf1 g5 26. f5 Ne5 27. Kg2 Qa5 28. Rd4 Be7 29. Red1 Qc7 30. R1d2 Kh8 1/2-1/2

[Event "Liepaya"]
[Site "?"]
[Date "2006.08.05"]
[Round "3"]
[White "Georgiev Kiril"]
[Black "Luckans Arnolds"]
[Result "1-0"]
[WhiteElo "2685"]
[BlackElo "2469"]
[PlyCount "79"]
[EventDate "2006.??.??"]
[Source "www.chesslib.no"]
[SourceDate "2004.05.04"]

1. d4 g6 2. c4 Bg7 3. Nc3 d6 4. g3 Nf6 5. Bg2 O-O 6. Nf3 c6 7. O-O Qa5 8. e4 e5 9. h3 Nbd7 10. Qc2 Re8 11. Be3 h5 12. Rfd1 Qc7 13. Rac1 a5 14. dxe5 dxe5 15. c5 Nf8 16. Na4 N6d7 17. Rd2 Ne6 18. Rcd1 Rb8 19. a3 Bf6 20. Bf1 g5 21. Bc4 Ndf8 22. Nb6 g4 23. hxg4 hxg4 24. Nh2 Nd4 25. Qc3 Nd7 26. Nxg4 Bg7 27. Nh6+ Bxh6 28. Bxh6 Nxb6 29. cxb6 Qd6 30. Qe3 Qf6 31. Rxd4 exd4 32. Rxd4 Bh3 33. Bg5 Qe5 34. Bf4 Qh5 35. Bxb8 Rxb8 36. e5 Bg4 37. Rf4 Rf8 38. Rf6 Kg7 39. Qf4 Bd7 40. e6 1-0

[Event "Vinkovci"]
[Site "Vinkovci"]
[Date "1995.??.??"]
[Round "?"]
[White "Hulak, Krunoslav"]
[Black "Ftacnik, Lubomir"]
[Result "1/2-1/2"]
[WhiteElo "2545"]
[BlackElo "2605"]
[PlyCount "78"]
[EventDate "1995.04.??"]
[Source "ChessBase"]

1. d4 Nf6 2. c4 g6 3. g3 Bg7 4. Bg2 O-O 5. Nc3 c6 6. e4 d6 7. Nf3 Nbd7 8. O-O e5 9. h3 exd4 10. Nxd4 Qb6 11. Nde2 Nc5 12. Qc2 a5 13. Rb1 Ne8 14. Be3 Qc7 15. f4 Qe7 16. Rfe1 f5 17. Bxc5 dxc5 18. e5 Nc7 19. Rbd1 Qf7 20. Na4 Ne6 21. Rd3 g5 22. Qd2 Ra6 23. Qe3 Qe7 24. Rd6 gxf4 25. gxf4 Re8 26. Kh1 Bf8 27. Rg1 Kh8 28. Nxc5 Nxc5 29. Qxc5 Qg7 30. Bf3 Bxd6 31. exd6 Qf6 32. Ng3 Bd7 33. Bh5 Re6 34. Qxf5 Rxd6 35. Qc5 b6 36. Qe3 Qd4 37. Qe7 Qf6 38. Qe3 Qd4 39. Qe7 Qf6 1/2-1/2

[Event "Malta ol (Men)"]
[Site "La Valetta"]
[Date "1980.??.??"]
[Round "?"]
[White "Portisch, Lajos"]
[Black "Ermenkov, Evgenij P"]
[Result "1-0"]
[WhiteElo "2655"]
[BlackElo "2495"]
[PlyCount "73"]
[EventDate "1980.11.??"]
[Source "www.chesslib.no"]
[SourceDate "2004.05.04"]

1. Nf3 Nf6 2. c4 g6 3. d4 Bg7 4. g3 O-O 5. Bg2 d6 6. Nc3 c6 7. O-O Nbd7 8. e4 e5 9. h3 Qb6 10. Re1 exd4 11. Nxd4 Ne8 12. Nb3 Qb4 13. Bf1 Nc5 14. Bg5 f5 15. Bd2 Nxb3 16. axb3 Qb6 17. Be3 Qc7 18. Qd2 fxe4 19. Nxe4 Bf5 20. Nc3 a6 21. Rad1 h5 22. Bg2 Rd8 23. Ne2 Nf6 24. Nd4 Bc8 25. Bf4 Qf7 26. Nf3 Rfe8 27. Ng5 Qf8 28. Rxe8 Qxe8 29. Bxd6 Bf5 30. c5 Qd7 31. Qf4 Re8 32. Qc4+ Kh8 33. Kh2 Nd5 34. Bxd5 cxd5 35. Rxd5 Qc6 36. Rxf5 gxf5 37. Qh4 1-0

[Event "Bosna i Hercegovina"]
[Site "?"]
[Date "2004.??.??"]
[Round "?"]
[White "Ribli, Z."]
[Black "Ivanisevic, I."]
[Result "1-0"]
[WhiteElo "2595"]
[BlackElo "2550"]
[PlyCount "91"]
[EventDate "2004.??.??"]
[Source "Chess Informant"]
[SourceDate "2004.02.01"]

1. d4 d6 2. g3 g6 3. Bg2 Bg7 4. Nf3 Nf6 5. O-O O-O 6. c4 c6 7. Nc3 Qa5 8. e4 e5 9. h3 Nbd7 10. Re1 exd4 11. Nxd4 Ne5 12. Bf1 Be6 13. f4 Nxc4 14. Nxe6 fxe6 15. Kg2 d5 16. e5 Ne8 17. Bxc4 dxc4 18. Qd4 Nc7 19. Qxc4 g5 20. b4 Qa6 21. Qxa6 Nxa6 22. b5 cxb5 23. Nxb5 Nb4 24. Re4 Nd3 25. Nd6 Rad8 26. Rb1 Rd7 27. Be3 Rc7 28. Rd1 Rc2+ 29. Kg1 gxf4 30. gxf4 Nb2 31. Rd2 Rc1+ 32. Kh2 Nd1 33. Rg2 Nxe3 34. Rxe3 Kh8 35. Rf2 Rc7 36. h4 a6 37. Kh3 b5 38. f5 Bh6 39. Ref3 exf5 40. Nxf5 Rc6 41. Rg3 Rg6 42. e6 Bg7 43. e7 Re8 44. Re2 Bf6 45. Re6 Kg8 46. Rxf6 1-0

[Event "Mezezers zt 1.7"]
[Site "Mezezers"]
[Date "2000.06.09"]
[Round "4"]
[White "Ehlvest, Jaan"]
[Black "Krakops, Maris"]
[Result "1-0"]
[WhiteElo "2622"]
[BlackElo "2518"]
[PlyCount "81"]
[EventDate "2000.06.03"]
[Source "www.chesslib.no"]
[SourceDate "2004.05.04"]

1. Nf3 Nf6 2. c4 g6 3. g3 Bg7 4. Bg2 O-O 5. O-O d6 6. d4 Nbd7 7. Nc3 e5 8. e4 c6 9. b3 exd4 10. Nxd4 Re8 11. h3 a5 12. Re1 Nc5 13. Bf4 Nh5 14. Be3 Qe7 15. Qd2 Bd7 16. Rad1 Rad8 17. Nde2 Bc8 18. g4 Nf6 19. Ng3 Nfd7 20. Nce2 Ne5 21. Bg5 f6 22. Be3 Qc7 23. Qc2 Na6 24. f4 Nf7 25. Nc3 Nc5 26. Qd2 b6 27. Kh1 Be6 28. Bd4 Bc8 29. Qf2 Bd7 30. Re2 Rb8 31. Rc2 Qc8 32. Nce2 Nh6 33. Rcd2 Nf7 34. Bb2 b5 35. cxb5 Rxb5 36. Nc3 Rb7 37. Ba3 Ne6 38. Nge2 d5 39. exd5 cxd5 40. Nxd5 Bc6 41. Rc1 1-0

[Event "Elenite"]
[Site "Elenite"]
[Date "1992.??.??"]
[Round "3"]
[White "Kurajica, Bojan"]
[Black "Kotronias, Vasilios"]
[Result "1/2-1/2"]
[WhiteElo "2590"]
[BlackElo "2550"]
[PlyCount "150"]
[EventDate "1992.??.??"]
[Source "ChessBase"]

1. d4 Nf6 2. Nf3 g6 3. g3 Bg7 4. Bg2 O-O 5. O-O c6 6. c4 d6 7. Nc3 Nbd7 8. e4 e5 9. b3 Re8 10. h3 exd4 11. Nxd4 Nc5 12. Re1 a5 13. Bf4 Nh5 14. Be3 Bd7 15. Qc2 Qc8 16. Kh2 f5 17. exf5 Bxf5 18. Qd2 Bd3 19. Rad1 Qd7 20. Nf3 Ne4 21. Nxe4 Bxe4 22. Qxd6 Qxd6 23. Rxd6 a4 24. Rd7 b5 25. Bc5 axb3 26. axb3 bxc4 27. bxc4 Nf6 28. Re7 Rxe7 29. Bxe7 Ra2 30. Kg1 Bxf3 31. Bxf3 Rc2 32. Bd1 Rc1 33. Kf1 Ne4 34. Rxe4 Rxd1+ 35. Ke2 Rd4 36. Ke3 Rxe4+ 37. Kxe4 Kf7 38. Bg5 h5 39. Be3 Ke6 40. f3 Bf6 41. Bd4 Be7 42. f4 Bd8 43. g4 hxg4 44. hxg4 Bc7 45. Be3 Bd6 46. Kd4 Bb4 47. Bc1 Kf6 48. Be3 Ke6 49. Bf2 Kf6 50. Ke4 Bd6 51. Bd4+ Ke6 52. f5+ gxf5+ 53. gxf5+ Kf7 54. Be5 Ba3 55. Bg3 Bc5 56. Bh4 Bb6 57. Ke5 Bc7+ 58. Ke4 Bb6 59. Be1 Bc7 60. Bc3 Bb6 61. Kd3 Bc5 62. Kc2 Bb6 63. Kb3 Bc7 64. Ka4 Bb6 65. Ba5 Bf2 66. Bd8 Be1 67. Kb3 Ke8 68. Bf6 Kf7 69. Bc3 Bf2 70. Kb4 Bb6 71. Be5 Ke7 72. c5 Bd8 73. Kc4 Kf7 74. Kd4 Ba5 75. Ke4 Bd8 1/2-1/2

[Event "Portoroz op"]
[Site "Portoroz"]
[Date "1995.??.??"]
[Round "?"]
[White "Burmakin, Vladimir"]
[Black "Tukmakov, Vladimir B"]
[Result "1/2-1/2"]
[WhiteElo "2555"]
[BlackElo "2585"]
[PlyCount "137"]
[EventDate "1995.04.??"]
[Source "ChessBase"]

1. d4 Nf6 2. Nf3 g6 3. c4 Bg7 4. g3 O-O 5. Bg2 d6 6. O-O c6 7. Nc3 Nbd7 8. e4 e5 9. h3 Qb6 10. d5 cxd5 11. cxd5 Nc5 12. Re1 Bd7 13. Rb1 a5 14. Be3 Rfc8 15. Nd2 Qd8 16. Qe2 Ne8 17. Rec1 f5 18. Rf1 Nf6 19. Kh2 Qe7 20. Nc4 Ra6 21. b4 axb4 22. Rxb4 b5 23. Nd2 fxe4 24. Bg5 Qf8 25. Bxf6 Qxf6 26. Ndxe4 Nxe4 27. Nxe4 Qe7 28. Rfb1 Rca8 29. R1b2 Be8 30. Nc3 Qa7 31. Nxb5 Bxb5 32. Qxb5 Rxa2 33. Rxa2 Qxa2 34. Rb2 Qa7 35. Qc6 Rb8 36. Rc2 Qe7 37. h4 Rf8 38. Be4 Rf6 39. Qb6 Rf7 40. Kg2 Bf8 41. Qe3 Qa7 42. Qg5 Qe7 43. Qg4 Qd7 44. Qe2 Qe8 45. Rc1 Rg7 46. h5 gxh5 47. Bf5 Rg6 48. Be6+ Rxe6 49. dxe6 Qxe6 50. Qxh5 Be7 51. Qe8+ Kg7 52. Qc6 h5 53. Qc4 Qxc4 54. Rxc4 Kf7 55. Kh3 Ke6 56. Rc8 Bf6 57. Rc7 Be7 58. Ra7 Kf7 59. Ra4 Ke6 60. Kg2 Bf6 61. Kf3 d5 62. Ra7 Kf5 63. Rh7 e4+ 64. Kg2 Kg4 65. Rd7 d4 66. Rd6 Kf5 67. Rd5+ Kg4 68. Rd6 Kf5 69. Rd7 1/2-1/2

[Event "Beersheba"]
[Site "Beersheba"]
[Date "1991.??.??"]
[Round "?"]
[White "Greenfeld, Alon"]
[Black "Dolmatov, Sergey"]
[Result "1/2-1/2"]
[WhiteElo "2520"]
[BlackElo "2620"]
[PlyCount "41"]
[EventDate "1991.07.??"]
[Source "ChessBase"]

1. d4 Nf6 2. c4 g6 3. Nf3 Bg7 4. g3 O-O 5. Bg2 d6 6. O-O Nbd7 7. Nc3 e5 8. e4 c6 9. b3 exd4 10. Nxd4 Nc5 11. h3 Re8 12. Re1 a5 13. Bf4 Nh5 14. Be3 Qb6 15. Rb1 Bd7 16. a3 Qc7 17. Rc1 Nf6 18. Bf4 Nh5 19. Be3 Nf6 20. Bf4 Nh5 21. Be3 1/2-1/2

[Event "Yerevan ol (Men)"]
[Site "Yerevan"]
[Date "1996.??.??"]
[Round "13"]
[White "Rogozenko, Dorian"]
[Black "Kotronias, Vasilios"]
[Result "1/2-1/2"]
[WhiteElo "2525"]
[BlackElo "2615"]
[PlyCount "111"]
[EventDate "1996.09.??"]
[Source "www.chesslib.no"]
[SourceDate "2004.05.04"]

1. d4 Nf6 2. c4 g6 3. Nf3 Bg7 4. g3 O-O 5. Bg2 d6 6. O-O Nbd7 7. Nc3 e5 8. e4 c6 9. h3 Qb6 10. c5 dxc5 11. dxe5 Ne8 12. e6 fxe6 13. Ng5 e5 14. Qe2 Qa6 15. Qxa6 bxa6 16. Ne6 Rf6 17. Nxg7 Nxg7 18. b3 Ne6 19. Ba3 Nd4 20. Rac1 a5 21. Rfd1 Ba6 22. h4 Rf7 23. Bh3 Rd8 24. Kg2 c4 25. b4 axb4 26. Bxb4 Bc8 27. Rd2 Nb6 28. Bxc8 Rxc8 29. Bd6 c5 30. Rb2 Rd7 31. Bxe5 Nc6 32. Bf6 Nb4 33. Re2 Re8 34. h5 gxh5 35. f4 Rd3 36. f5 Nc6 37. Bg5 Nd4 38. Rf2 Kf7 39. Bf4 Nd7 40. Rb2 Nb6 41. Rd2 Rxc3 42. Rxc3 Rxe4 43. Kf2 Kf6 44. a4 Kxf5 45. a5 Nd5 46. Rxc4 Nxf4 47. gxf4 Kg4 48. Rd3 Rxf4+ 49. Kg2 h4 50. Rxc5 Nf3 51. Rxf3 Rxf3 52. Rc7 h3+ 53. Kg1 a6 54. Rg7+ Kf4 55. Rxh7 Rd3 56. Rh6 1/2-1/2

[Event "Bayern-ch Bank Hofmann 4th"]
[Site "Bad Wiessee"]
[Date "2000.11.04"]
[Round "8"]
[White "Landa, Konstantin"]
[Black "Beim, Valery"]
[Result "1/2-1/2"]
[WhiteElo "2610"]
[BlackElo "2528"]
[PlyCount "34"]
[EventDate "2000.10.28"]
[Source "www.chesslib.no"]
[SourceDate "2004.05.04"]

1. d4 d6 2. g3 g6 3. Bg2 Bg7 4. Nf3 Nf6 5. O-O O-O 6. c4 Nbd7 7. Nc3 e5 8. h3 c6 9. e4 exd4 10. Nxd4 Qb6 11. Nc2 Ne8 12. Re1 Ne5 13. Bf1 Be6 14. Be3 Qa5 15. Na3 Qb4 16. Nc2 Qa5 17. Na3 Qb4 1/2-1/2

[Event "Batumi 85/(468)"]
[Site "?"]
[Date "2002.??.??"]
[Round "?"]
[White "Marin, Mihail"]
[Black "Kotronias, V."]
[Result "1/2-1/2"]
[WhiteElo "2556"]
[BlackElo "2580"]
[PlyCount "35"]
[EventDate "2002.??.??"]
[Source "Chess Informant"]
[SourceDate "2002.06.01"]

1. c4 Nf6 2. Nc3 g6 3. g3 Bg7 4. Bg2 O-O 5. d4 d6 6. Nf3 Nbd7 7. O-O e5 8. e4 c6 9. h3 Qb6 10. Re1 exd4 11. Nxd4 Re8 12. Nc2 Qc7 13. Be3 a6 14. f4 b5 15. cxb5 axb5 16. Nb4 Bb7 17. a3 Rad8 18. Qc2 1/2-1/2

[Event "Aeroflot Open"]
[Site "Moscow"]
[Date "2004.02.19"]
[Round "3"]
[White "Khismatullin, Denis"]
[Black "Kotronias, Vasilios"]
[Result "0-1"]
[WhiteElo "2534"]
[BlackElo "2598"]
[PlyCount "77"]
[EventDate "2004.02.17"]
[Source "Roberto Alvarez"]
[SourceDate "2004.03.01"]

1. d4 Nf6 2. c4 g6 3. Nf3 Bg7 4. g3 O-O 5. Bg2 d6 6. O-O Nbd7 7. Nc3 e5 8. e4 c6 9. h3 Qb6 10. Re1 exd4 11. Nxd4 Re8 12. Na4 Qc7 13. Bf4 Ne5 14. Rc1 b6 15. Be3 Bb7 16. f4 Ned7 17. Nc3 a6 18. Bf2 Rad8 19. b4 c5 20. Nd5 Qb8 21. Nc2 Bc6 22. Rb1 Qc8 23. bxc5 bxc5 24. g4 Nxd5 25. cxd5 Ba4 26. g5 Qc7 27. Qd2 Rb8 28. Ne3 c4 29. e5 Rxb1 30. Rxb1 c3 31. Qd4 Bb5 32. Ng4 c2 33. Rc1 dxe5 34. fxe5 Nxe5 35. d6 Qd8 36. Qd2 Nxg4 37. hxg4 Re2 38. Qf4 Be5 39. Ra1 0-1